[Event "BLR-ch (Women) 65th"]
[Site "Minsk"]
[Date "2021.05.13"]
[Round "6.4"]
[White "Norman, Kseniya"]
[Black "Beinenson, Katsiaryna"]
[Result "1-0"]
[WhiteElo "1896"]
[BlackElo "2009"]
[PlyCount "79"]
[EventDate "2021.05.08"]
[EventType "swiss"]
[EventRounds "9"]
[EventCountry "BLR"]
[SourceTitle "CBM 202 Extra"]
[Source "ChessBase"]
[SourceDate "2021.07.31"]
[SourceVersion "1"]
[SourceVersionDate "2021.07.31"]
[SourceQuality "1"]

1. e4 c5 2. Nc3 Nc6 3. f4 e6 4. Nf3 Nge7 5. d3 d5 6. e5 Nf5 7. g3 b5 8. Bh3 d4 9. Ne4 h5 10. 0-0 Bb7 11. Nfg5 Qd7 12. Qe2 0-0-0 13. Bd2 Rh6 14. Rae1 f6 15. exf6 gxf6 16. Nxc5 Bxc5 17. Nxe6 Ne3 18. Bxe3 dxe3 19. Nxd8 Qxh3 20. Nxb7 Kxb7 21. c3 h4 22. d4 Bb6 23. Qxe3 hxg3 24. Qxg3 Qh5 25. Kh1 Bc7 26. Qg2 Bd6 27. Rf2 Kc7 28. b3 Ne7 29. c4 Ng6 30. c5 Bxf4 31. d5 Bxh2 32. Qxh2+ Ne5 33. Qxh5 Rxh5+ 34. Kg1 Nd3 35. Re7+ Kd8 36. Rfe2 Nxc5 37. b4 Nd3 38. d6 Rd5 39. Rxa7 Nf4 40. Ree7 1-0

[Event "BLR-ch (Women) 64th"]
[Site "Minsk"]
[Date "2020.10.24"]
[Round "7"]
[White "Beinenson, Katsiaryna"]
[Black "Zeliantsova, Kseniya"]
[Result "1/2-1/2"]
[WhiteElo "1983"]
[BlackElo "2114"]
[PlyCount "129"]
[EventDate "2020.10.18"]
[EventType "tourn"]
[EventRounds "7"]
[EventCountry "BLR"]
[SourceTitle "EXT 2022"]
[Source "ChessBase"]
[SourceDate "2021.10.06"]
[SourceVersion "1"]
[SourceVersionDate "2021.10.06"]
[SourceQuality "1"]

1. e4 c5 2. Nf3 Nc6 3. d4 cxd4 4. Nxd4 g6 5. Nc3 Bg7 6. Be3 Nf6 7. Bc4 0-0 8. Bb3 Ng4 9. Qxg4 Nxd4 10. Qd1 Nxb3 11. axb3 d6 12. 0-0 b6 13. Qd5 Be6 14. Qb7 Bxc3 15. bxc3 Qd7 16. Qxd7 Bxd7 17. c4 Rfc8 18. Rfd1 Bc6 19. f3 Rc7 20. Ra3 Rb8 21. Ra6 Rbb7 22. Rda1 f6 23. Kf2 Kf7 24. Ke1 Bd7 25. Kd2 e5 26. Kc3 Bc6 27. Rd1 Ke7 28. Bc1 Rb8 29. Ba3 Rd8 30. Kb2 Be8 31. Bb4 Bc6 32. g3 f5 33. f4 Ke6 34. exf5+ gxf5 35. fxe5 d5 36. Bd6 dxc4 37. bxc4 Rb7 38. Rda1 Rdd7 39. Rf1 Rf7 40. Rf4 Rg7 41. Kc3 Be4 42. c5 Kd5 43. Rf1 Rg8 44. Rd1+ Ke6 45. Rda1 bxc5 46. Bxc5+ Kd5 47. R1a5 Rc8 48. Rd6+ Kxe5 49. Rd2 Rc6 50. Kc4 a6 51. c3 h5 52. Rd8 Ke6 53. Rh8 Bd5+ 54. Kd4 Bf3 55. Rh6+ Kd7 56. Rxc6 Bxc6 57. Rxa6 Rb2 58. h4 Rd2+ 59. Ke3 Rd3+ 60. Kxd3 Bb5+ 61. Kd4 Bxa6 62. Ke5 Kc6 63. Bd4 Be2 64. Kxf5 Kd5 65. Kf4 1/2-1/2

[Event "BLR-chB (Women)"]
[Site "Minsk"]
[Date "2020.01.30"]
[Round "5"]
[White "Beinenson, Katsiaryna"]
[Black "Poliakova, Varvara"]
[Result "1-0"]
[WhiteElo "1985"]
[BlackElo "2052"]
[PlyCount "69"]
[EventDate "2020.01.26"]
[EventType "swiss"]
[EventRounds "9"]
[EventCountry "BLR"]
[SourceTitle "CBM 194 Extra"]
[Source "ChessBase"]
[SourceDate "2020.03.31"]
[SourceVersion "1"]
[SourceVersionDate "2020.03.31"]
[SourceQuality "1"]

1. e4 e5 2. Nf3 Nc6 3. Bc4 Bc5 4. c3 Nf6 5. d3 a6 6. 0-0 Ba7 7. Nbd2 d6 8. Bb3 0-0 9. h3 Ne7 10. Re1 Ng6 11. Nf1 h6 12. Ng3 Re8 13. Be3 Bxe3 14. fxe3 d5 15. exd5 Nxd5 16. Nh2 Be6 17. Qf3 c6 18. Rad1 Qb6 19. Nf5 Rad8 20. Kh1 a5 21. Rd2 a4 22. Bc4 a3 23. Bb3 axb2 24. Rxb2 Qa5 25. Rc1 Nxc3 26. Bxe6 Rxe6 27. Rxb7 e4 28. Nxh6+ Kh7 29. Qxf7 Re7 30. Rxe7 Nxe7 31. Qxe7 exd3 32. Nf5 Qxf5 33. Qxd8 Ne4 34. Qh4+ Kg6 35. Rxc6+ 1-0

[Event "BLR-ch (Women) 62nd"]
[Site "Minsk"]
[Date "2018.01.25"]
[Round "8"]
[White "Beinenson, Katsiaryna"]
[Black "Badelka, Olga"]
[Result "0-1"]
[WhiteElo "1933"]
[BlackElo "2399"]
[PlyCount "132"]
[EventDate "2018.01.18"]
[EventType "tourn"]
[EventRounds "11"]
[EventCountry "BLR"]
[SourceTitle "CBM 182 Extra"]
[Source "ChessBase"]
[SourceDate "2018.02.23"]
[SourceVersion "1"]
[SourceVersionDate "2018.02.23"]
[SourceQuality "1"]

1. e4 c5 2. Nf3 Nc6 3. d4 cxd4 4. Nxd4 Qb6 5. Nb3 Nf6 6. Nc3 e6 7. Qe2 Bb4 8. Bd2 0-0 9. a3 Be7 10. 0-0-0 d5 11. e5 Ne8 12. f4 f6 13. exf6 Bxf6 14. g3 Nd6 15. Be3 Qc7 16. Nb5 Nxb5 17. Qxb5 Bd7 18. Nc5 Bd4 19. Rxd4 Nxd4 20. Qxd7 Qxc5 21. Qa4 e5 22. Bxd4 exd4 23. Qb3 b6 24. Bg2 Rad8 25. Re1 Qc4 26. Qf3 Kh8 27. Bf1 Qa2 28. Qh5 Qa1+ 29. Kd2 Qxb2 30. Bd3 Qc3+ 31. Kd1 g6 32. Qe5+ Kg8 33. Qe6+ Rf7 34. Bxg6 Qf3+ 35. Kd2 hxg6 36. Qxg6+ Rg7 37. Qe6+ Kh7 38. Qf5+ Kh8 39. Qf6 Qc3+ 40. Kd1 Qc7 41. f5 d3 42. cxd3 Kg8 43. Re5 Rf8 44. Qe6+ Qf7 45. Qh6 d4 46. Ke2 Rh7 47. Qg5+ Qg7 48. Qf4 Rxh2+ 49. Kf3 Rh5 50. g4 Rh3+ 51. Kf2 Qh6 52. Qxh6 Rxh6 53. Kg3 Rc6 54. Kf4 Rc3 55. Re7 Rf7 56. Re8+ Kg7 57. g5 Rxa3 58. f6+ Kg6 59. Rh8 Rh7 60. Rg8+ Kf7 61. Rd8 Ra5 62. Kg4 Rh1 63. Rd7+ Ke8 64. Re7+ Kf8 65. Rg7 Rg1+ 66. Kf4 Rgxg5 0-1

[Event "BLR-ch (Women) 62nd"]
[Site "Minsk"]
[Date "2018.01.21"]
[Round "4"]
[White "Ziaziulkina, Nastassia"]
[Black "Beinenson, Katsiaryna"]
[Result "1-0"]
[WhiteElo "2357"]
[BlackElo "1933"]
[PlyCount "119"]
[EventDate "2018.01.18"]
[EventType "tourn"]
[EventRounds "11"]
[EventCountry "BLR"]
[SourceTitle "CBM 182 Extra"]
[Source "ChessBase"]
[SourceDate "2018.02.23"]
[SourceVersion "1"]
[SourceVersionDate "2018.02.23"]
[SourceQuality "1"]

1. e4 c5 2. Nf3 Nc6 3. Nc3 Nf6 4. Bb5 Qc7 5. 0-0 Nd4 6. Re1 a6 7. Bf1 Ng4 8. g3 Nxf3+ 9. Qxf3 Ne5 10. Qe2 e6 11. b3 d6 12. Nd1 b5 13. c3 c4 14. Nb2 cxb3 15. axb3 Nd7 16. Qe3 Bb7 17. d4 d5 18. e5 Rc8 19. Bd2 Be7 20. Bd3 Qc6 21. Qe2 Qb6 22. Qg4 Kf8 23. Qh5 Kg8 24. h3 Nb8 25. Re3 Nc6 26. Rf3 g6 27. Qg4 h5 28. Qf4 Rh7 29. g4 Bf8 30. Be1 Bh6 31. Qf6 Bg7 32. Qxf7+ Kh8 33. Qxe6 hxg4 34. hxg4 Nxd4 35. Qxb6 Nxf3+ 36. Kg2 Nh4+ 37. Kf1 Bxe5 38. Qe6 Nf3 39. Bxg6 Rh1+ 40. Ke2 d4 41. Qe7 Ba8 42. Nd3 Bg7 43. c4 bxc4 44. bxc4 Ng1+ 45. Kd2 Nf3+ 46. Kc2 Rxc4+ 47. Kb3 Rc8 48. Ra5 Rb8+ 49. Bb4 Rh3 50. Rh5+ Rxh5 51. gxh5 Bd5+ 52. Kc2 Rb7 53. Qe8+ Bg8 54. Qc6 Rxb4 55. Nxb4 d3+ 56. Kb1 Nd2+ 57. Kc1 Nb3+ 58. Kd1 Nd4 59. Qc8 a5 60. Nxd3 1-0

[Event "BLR-chT"]
[Site "Minsk"]
[Date "2016.05.01"]
[Round "7"]
[White "Beinenson, Katsiaryna"]
[Black "Nikitenko, Mihail"]
[Result "0-1"]
[WhiteElo "1977"]
[BlackElo "2376"]
[PlyCount "86"]
[EventDate "2016.04.25"]
[EventType "team-swiss"]
[EventRounds "7"]
[EventCountry "BLR"]
[SourceTitle "CBM 172 Extra"]
[Source "ChessBase"]
[SourceDate "2016.06.21"]
[SourceVersion "1"]
[SourceVersionDate "2016.06.21"]
[SourceQuality "1"]
[WhiteTeam "Champions"]
[BlackTeam "Itransition"]
[WhiteTeamCountry "BLR"]
[BlackTeamCountry "BLR"]

1. d4 Nf6 2. Nf3 g6 3. Bf4 Bg7 4. Nbd2 0-0 5. e3 d6 6. h3 b6 7. Be2 Bb7 8. c3 c5 9. a4 a6 10. 0-0 Nbd7 11. Bh2 Ra7 12. Nc4 Ne4 13. Nfd2 Nxd2 14. Nxd2 Qa8 15. Bf3 d5 16. a5 b5 17. dxc5 Nxc5 18. Nb3 Na4 19. Qd2 Qc8 20. Rfd1 Bc6 21. Nd4 Ba8 22. Be2 e5 23. Nb3 Qe6 24. Ra3 Rc8 25. Nc1 Nc5 26. Bf3 Rd7 27. Re1 Ne4 28. Bxe4 dxe4 29. Qc2 Rcd8 30. Nb3 Qc4 31. Bg3 Rd3 32. Re2 Qd5 33. Ra1 f5 34. Rae1 g5 35. Nc1 Rd2 36. Rxd2 Qxd2 37. Qxd2 Rxd2 38. b4 f4 39. Bh2 Bd5 40. h4 h6 41. hxg5 hxg5 42. g4 f3 43. Bg3 Kf7 0-1

[Event "BLR-ch (Women)"]
[Site "Minsk"]
[Date "2016.01.17"]
[Round "8"]
[White "Uzlavataya, Anhelina"]
[Black "Beinenson, Katsiaryna"]
[Result "0-1"]
[WhiteElo "2092"]
[BlackElo "1996"]
[PlyCount "82"]
[EventDate "2016.01.10"]
[EventType "tourn"]
[EventRounds "9"]
[EventCountry "BLR"]
[SourceTitle "CBM 170 Extra"]
[Source "ChessBase"]
[SourceDate "2016.02.25"]
[SourceVersion "1"]
[SourceVersionDate "2016.02.25"]
[SourceQuality "1"]

1. f4 d5 2. g3 h5 3. Nf3 h4 4. Nxh4 e5 5. Ng2 exf4 6. Nxf4 Bd6 7. e3 g5 8. Ne2 Bg4 9. Bg2 Rxh2 10. Rxh2 Bxg3+ 11. Nxg3 Bxd1 12. Kxd1 Qd6 13. Nf1 Nd7 14. b3 Ne5 15. Ba3 Qf6 16. Nc3 Ng4 17. Rh5 Qf2 18. Bh3 N4f6 19. Rxg5 Qf3+ 20. Kc1 Qxh3 21. Re5+ Kd7 22. Kb2 c6 23. Rg5 Ng4 24. e4 Qh4 25. Rg7 d4 26. Na4 Ke6 27. Bc5 b5 28. d3 bxa4 29. Nd2 Qh6 30. Rxg4 Qxd2 31. Bxd4 Rd8 32. Bc5 Nf6 33. Rg3 Nh5 34. Rf3 a3+ 35. Bxa3 Nf4 36. Raf1 Nxd3+ 37. Kb1 Ne1 38. Rf6+ Ke5 39. R1f5+ Kxe4 40. Rxf7 Qxc2+ 41. Ka1 Rd1+ 0-1

[Event "BLR-ch (Women)"]
[Site "Minsk"]
[Date "2016.01.16"]
[Round "7"]
[White "Revo, Tatiana"]
[Black "Beinenson, Katsiaryna"]
[Result "1-0"]
[WhiteElo "2043"]
[BlackElo "1996"]
[PlyCount "75"]
[EventDate "2016.01.10"]
[EventType "tourn"]
[EventRounds "9"]
[EventCountry "BLR"]
[SourceTitle "CBM 170 Extra"]
[Source "ChessBase"]
[SourceDate "2016.02.25"]
[SourceVersion "1"]
[SourceVersionDate "2016.02.25"]
[SourceQuality "1"]

1. e4 c5 2. Nf3 Nc6 3. d4 cxd4 4. Nxd4 Nf6 5. Nc3 e5 6. Ndb5 d6 7. Bg5 a6 8. Na3 b5 9. Nd5 Be7 10. Bxf6 Bxf6 11. c4 b4 12. Nc2 a5 13. g3 Bg5 14. h4 Bh6 15. Bh3 Be6 16. Bxe6 fxe6 17. Qh5+ Kf8 18. Nde3 Qf6 19. 0-0 Ke7 20. Qe2 Bxe3 21. Qxe3 Nd4 22. Nxd4 exd4 23. Qd3 g5 24. hxg5 Qxg5 25. Qxd4 h5 26. Kg2 h4 27. Rad1 Rad8 28. Rh1 e5 29. Qd2 Qg4 30. Qe3 Rdf8 31. c5 h3+ 32. Kh2 Rf3 33. cxd6+ Kf6 34. Qe1 Ke6 35. d7 Rd8 36. Qd2 Rdf8 37. Qd6+ Kf7 38. Qxf8+ 1-0

[Event "BLR-ch (Women)"]
[Site "Minsk"]
[Date "2016.01.12"]
[Round "3"]
[White "Kusenkova, Natallia"]
[Black "Beinenson, Katsiaryna"]
[Result "1-0"]
[WhiteElo "2164"]
[BlackElo "1996"]
[PlyCount "117"]
[EventDate "2016.01.10"]
[EventType "tourn"]
[EventRounds "9"]
[EventCountry "BLR"]
[SourceTitle "CBM 170 Extra"]
[Source "ChessBase"]
[SourceDate "2016.02.25"]
[SourceVersion "1"]
[SourceVersionDate "2016.02.25"]
[SourceQuality "1"]

1. Nf3 d5 2. g3 Nf6 3. Bg2 c6 4. 0-0 Bf5 5. d3 h6 6. c4 e6 7. cxd5 exd5 8. Nc3 Be7 9. Nd4 Bg6 10. e4 Na6 11. exd5 Nb4 12. dxc6 Qxd4 13. Be3 Qxd3 14. cxb7 Rd8 15. Qa4+ Qd7 16. Rad1 Qxa4 17. Rxd8+ Bxd8 18. Nxa4 Bc7 19. Bc5 Nd3 20. Bc6+ Nd7 21. f4 Bf5 22. Rd1 a6 23. b4 Kd8 24. g4 Bxf4 25. gxf5 N7xc5 26. bxc5 Kc7 27. Bf3 Be3+ 28. Kg2 Nxc5 29. Re1 Nxa4 30. Rxe3 Kd6 31. Rb3 Rb8 32. Rb4 Nc5 33. Rb6+ Kd7 34. Kg3 Nd3 35. Rxa6 Kc7 36. Rc6+ Kd7 37. Ra6 Kc7 38. Ra5 Kb6 39. Ra8 Kc7 40. Ra6 Nb4 41. Ra4 Nd3 42. Rc4+ Kb6 43. Rc8 Ka7 44. Rc7 Ne5 45. Re7 Nxf3 46. Kxf3 Rxb7 47. Rxb7+ Kxb7 48. Ke4 Kc6 49. Ke5 Kc5 50. a4 h5 51. h4 Kb4 52. Kd6 g5 53. fxg6 fxg6 54. Ke5 Kxa4 55. Kf6 Kb5 56. Kxg6 Kc6 57. Kxh5 Kd6 58. Kg6 Ke7 59. Kg7 1-0

[Event "Berlin Maccabi op"]
[Site "Berlin"]
[Date "2015.08.03"]
[Round "6"]
[White "Beinenson, Katsiaryna"]
[Black "Weinman, Rina"]
[Result "1-0"]
[WhiteElo "1879"]
[BlackElo "1572"]
[PlyCount "79"]
[EventDate "2015.07.29"]
[EventType "swiss"]
[EventRounds "7"]
[EventCountry "GER"]
[SourceTitle "CBM 167 Extra"]
[Source "ChessBase"]
[SourceDate "2015.09.14"]
[SourceVersion "1"]
[SourceVersionDate "2015.09.14"]
[SourceQuality "1"]

1. e4 e5 2. Nf3 Nc6 3. d4 exd4 4. Bc4 d6 5. Nxd4 Nxd4 6. Qxd4 Nf6 7. 0-0 Be7 8. Nc3 0-0 9. Bf4 Be6 10. Rad1 Bxc4 11. Qxc4 Qc8 12. Nb5 Bd8 13. Rfe1 a6 14. Nd4 Qg4 15. Bg3 Re8 16. f3 Qc8 17. a4 Nh5 18. Bf2 Nf4 19. Nf5 Bf6 20. Bg3 Nh5 21. Bf2 Bxb2 22. c3 Ba3 23. Bd4 d5 24. Qxd5 Nf4 25. Qb3 Bf8 26. c4 Ne6 27. Ba1 b6 28. Qc3 f6 29. e5 Nc5 30. g4 fxe5 31. Rxe5 Nxa4 32. Qd4 Rd8 33. Rd5 Bc5 34. Ne7+ Kf8 35. Nxc8 Bxd4+ 36. R1xd4 Rdxc8 37. Rf4+ Ke8 38. Re4+ Kf8 39. Rf5+ Kg8 40. Re7 1-0

[Event "BLR-ch (Women)"]
[Site "Minsk"]
[Date "2015.01.21"]
[Round "8"]
[White "Beinenson, Katsiaryna"]
[Black "Ilyuchyk, Yana"]
[Result "1-0"]
[WhiteElo "1973"]
[BlackElo "1844"]
[PlyCount "53"]
[EventDate "2015.01.14"]
[EventType "tourn"]
[EventRounds "9"]
[EventCountry "BLR"]
[SourceTitle "CBM 164 Extra"]
[Source "ChessBase"]
[SourceDate "2015.03.02"]
[SourceVersion "1"]
[SourceVersionDate "2015.03.02"]
[SourceQuality "1"]

1. e4 c5 2. Nf3 d6 3. d4 cxd4 4. Nxd4 Nf6 5. Nc3 g6 6. Be3 Bg7 7. f3 0-0 8. Qd2 Nc6 9. 0-0-0 Nxd4 10. Bxd4 Be6 11. Kb1 Qc7 12. h4 Rfc8 13. h5 Qa5 14. hxg6 hxg6 15. a3 a6 16. Bd3 b5 17. Qg5 Rab8 18. f4 Bc4 19. Bxc4 Rxc4 20. Nd5 Qd8 21. f5 gxf5 22. exf5 Rb7 23. Rd3 Rxd4 24. Rxd4 Nh7 25. Rxh7 Kxh7 26. Rh4+ Kg8 27. Rg4 1-0

[Event "BLR-ch (Women)"]
[Site "Minsk"]
[Date "2015.01.18"]
[Round "5"]
[White "Bogdan, Ekaterina"]
[Black "Beinenson, Katsiaryna"]
[Result "0-1"]
[WhiteElo "2016"]
[BlackElo "1973"]
[PlyCount "142"]
[EventDate "2015.01.14"]
[EventType "tourn"]
[EventRounds "9"]
[EventCountry "BLR"]
[SourceTitle "CBM 164 Extra"]
[Source "ChessBase"]
[SourceDate "2015.03.02"]
[SourceVersion "1"]
[SourceVersionDate "2015.03.02"]
[SourceQuality "1"]

1. d4 d5 2. c4 c6 3. Nf3 Nf6 4. Nc3 a6 5. a4 e6 6. g3 a5 7. Bg2 Be7 8. 0-0 0-0 9. Qb3 Na6 10. Rd1 Nb4 11. Ne5 Qb6 12. e4 Rd8 13. Be3 Qa6 14. g4 dxc4 15. Nxc4 Nxg4 16. Bf4 Nc2 17. Qxc2 Qxc4 18. b3 Qb4 19. Na2 Qb6 20. h3 Nf6 21. Be3 Qc7 22. e5 Nd5 23. Nc3 Nxc3 24. Qxc3 Bb4 25. Qc2 Qe7 26. Be4 Qh4 27. Bg2 Bd7 28. Qc1 f6 29. Ra2 Be8 30. f4 Bg6 31. Kh2 Bf5 32. Rg1 Kf7 33. Bf2 Qh5 34. Qe3 c5 35. Qg3 Rab8 36. Bf3 Qh6 37. dxc5 Bd2 38. Rxd2 Rxd2 39. Rg2 Rd3 40. Be1 Qxh3+ 41. Qxh3 Bxh3 42. Rg3 Bf5 43. exf6 gxf6 44. Bxa5 Rg8 45. Rxg8 Kxg8 46. Bxb7 Rxb3 47. Bb6 Ra3 48. a5 Bd3 49. c6 Be4 50. Bd8 Kf7 51. a6 Bxc6 52. Bxc6 Rxa6 53. Bf3 Ra3 54. Kg2 Ra4 55. Bc7 Kg6 56. Be2 Ra2 57. Kf3 Ra3+ 58. Kg4 Re3 59. Bb5 Kf7 60. Bd6 Re4 61. Kf3 Rd4 62. Bc7 Kg6 63. Ke3 Rb4 64. Bd3+ Kg7 65. Kf3 h5 66. Kg2 Rb2+ 67. Kf3 Rb3 68. Ke4 h4 69. f5 e5 70. Bc4 Rc3 71. Kd5 h3 0-1

[Event "BLR-ch (Women)"]
[Site "Minsk"]
[Date "2015.01.16"]
[Round "3"]
[White "Beinenson, Katsiaryna"]
[Black "Badelka, Olga"]
[Result "0-1"]
[WhiteElo "1973"]
[BlackElo "2048"]
[PlyCount "58"]
[EventDate "2015.01.14"]
[EventType "tourn"]
[EventRounds "9"]
[EventCountry "BLR"]
[SourceTitle "CBM 164 Extra"]
[Source "ChessBase"]
[SourceDate "2015.03.02"]
[SourceVersion "1"]
[SourceVersionDate "2015.03.02"]
[SourceQuality "1"]

1. e4 d5 2. exd5 Qxd5 3. Nc3 Qd6 4. d4 Nf6 5. Nf3 g6 6. Be3 Bg7 7. Ne5 0-0 8. Qd2 a6 9. Be2 Be6 10. f4 Nbd7 11. Bf3 c6 12. g4 Qc7 13. Qg2 Nxe5 14. fxe5 Nd5 15. Nxd5 Bxd5 16. h4 Bxf3 17. Qxf3 f6 18. exf6 Bxf6 19. Qe4 Qa5+ 20. c3 e5 21. h5 Rae8 22. dxe5 Qxe5 23. Qc4+ Qe6 24. Qxe6+ Rxe6 25. Rh3 Bg5 26. Kd2 Rd8+ 27. Kc2 Rxe3 28. Rxe3 Bxe3 29. Re1 Bg5 0-1

[Event "Wch U16 Girls"]
[Site "Durban"]
[Date "2014.09.21"]
[Round "3"]
[White "Gal, Hanna Krisztina"]
[Black "Beinenson, Katsiaryna"]
[Result "1-0"]
[WhiteElo "2094"]
[BlackElo "1980"]
[PlyCount "153"]
[EventDate "2014.09.20"]
[EventType "swiss"]
[EventRounds "11"]
[EventCountry "RSA"]
[SourceTitle "CBM 162 Extra"]
[Source "ChessBase"]
[SourceDate "2014.10.17"]
[SourceVersion "1"]
[SourceVersionDate "2014.10.17"]
[SourceQuality "1"]

1. e4 c5 2. Nf3 Nc6 3. Bb5 Nf6 4. Bxc6 dxc6 5. d3 Bg4 6. Nbd2 Qc7 7. b3 e5 8. Bb2 Nd7 9. h3 Bh5 10. Nc4 f6 11. Qe2 Bf7 12. Ne3 0-0-0 13. 0-0-0 Qa5 14. Kb1 b5 15. c3 Nb6 16. Qc2 Kb7 17. Rc1 Rc8 18. Rhd1 Ka8 19. Rd2 Rg8 20. Rcd1 Be6 21. g4 Qa6 22. h4 Qb7 23. g5 a5 24. c4 a4 25. Rg1 Rb8 26. Rdd1 Bd6 27. Nd2 Rgf8 28. Rg2 Rf7 29. Rdg1 Bf8 30. h5 Rd7 31. Rd1 Bf7 32. g6 hxg6 33. hxg6 Bg8 34. Rgg1 Qa6 35. Kc1 Ra7 36. Nb1 axb3 37. axb3 Nc8 38. Kd2 Nd6 39. Nc3 b4 40. Ne2 Rd8 41. Ke1 Ne8 42. f3 Nc7 43. Kf2 Qc8 44. Ra1 Qd7 45. Rxa7+ Kxa7 46. Rd1 Qh3 47. Rg1 Qd7 48. Rd1 Ne6 49. Nf5 Ng5 50. Bc1 Ne6 51. Be3 Kb7 52. Qd2 Nc7 53. f4 Be6 54. Neg3 Qe8 55. Nh4 Bg4 56. Ne2 exf4 57. Bxf4 Ne6 58. Be3 Qd7 59. Rg1 Nc7 60. Nf4 Bd6 61. Nhg2 Be5 62. Bxc5 Bc3 63. Qc2 Rh8 64. Be3 f5 65. Bd2 Bd4+ 66. Be3 fxe4 67. dxe4 Bxe3+ 68. Nxe3 Rf8 69. Rxg4 Ne6 70. Kg3 Nxf4 71. Rxf4 Qd6 72. Qf2 Qxg6+ 73. Ng4 Rd8 74. Rf7+ Kc8 75. Qf5+ Qxf5 76. Rxf5 Rd3+ 77. Rf3 1-0

[Event "Wch U16 Girls"]
[Site "Durban"]
[Date "2014.09.20"]
[Round "1"]
[White "Padayachee, Keyana Chloe"]
[Black "Beinenson, Katsiaryna"]
[Result "0-1"]
[WhiteElo "1478"]
[BlackElo "1980"]
[PlyCount "82"]
[EventDate "2014.09.20"]
[EventType "swiss"]
[EventRounds "11"]
[EventCountry "RSA"]
[SourceTitle "CBM 162 Extra"]
[Source "ChessBase"]
[SourceDate "2014.10.17"]
[SourceVersion "1"]
[SourceVersionDate "2014.10.17"]
[SourceQuality "1"]

1. e4 c5 2. Nf3 Nc6 3. d4 cxd4 4. Nxd4 Nf6 5. Nc3 e5 6. Nf5 d6 7. Ne3 Be7 8. Bc4 a6 9. Ned5 b5 10. Bb3 0-0 11. 0-0 Rb8 12. Nxf6+ Bxf6 13. Nd5 Bg5 14. c3 Kh8 15. Qh5 Bxc1 16. Raxc1 f5 17. f4 g6 18. Qh6 Be6 19. exf5 Rxf5 20. fxe5 dxe5 21. Rxf5 Bxf5 22. Ne3 Bd3 23. Rd1 e4 24. Bd5 Qf6 25. Ng4 Qd6 26. Ne3 Qc5 27. Kh1 Rd8 28. Qf4 Rf8 29. Qh6 Ne5 30. Qg5 Qc7 31. Qg3 Qe7 32. Ng4 Be2 33. Re1 Bxg4 34. h3 Bf5 35. Bxe4 Bxe4 36. Rxe4 Rf5 37. Qe3 Qf6 38. g4 Rf3 39. Qc5 Rxh3+ 40. Kg1 Rg3+ 41. Kh2 Qh4# 0-1

[Event "BLR-ch U20 Girls"]
[Site "Minsk"]
[Date "2014.05.17"]
[Round "6"]
[White "Malatsilava, Volha"]
[Black "Beinenson, Katsiaryna"]
[Result "0-1"]
[WhiteElo "1972"]
[BlackElo "1961"]
[PlyCount "64"]
[EventDate "2014.05.12"]
[EventType "tourn"]
[EventRounds "10"]
[EventCountry "BLR"]
[SourceTitle "CBM 160 Extra"]
[Source "ChessBase"]
[SourceDate "2014.07.01"]
[SourceVersion "1"]
[SourceVersionDate "2014.07.01"]
[SourceQuality "1"]

1. e4 c5 2. d4 cxd4 3. c3 d5 4. exd5 Qxd5 5. cxd4 Nf6 6. Nc3 Qd6 7. Bc4 e6 8. Nge2 a6 9. 0-0 b5 10. Bb3 Bb7 11. Bg5 Nbd7 12. Rc1 Be7 13. Bf4 Qb6 14. d5 e5 15. Bg5 0-0 16. Ng3 Bc5 17. Nf5 Rad8 18. Qf3 Rde8 19. Bh6 e4 20. Qh3 Re5 21. Bxg7 Rxf5 22. Bxf8 Bxf2+ 23. Kh1 Rh5 24. Qxh5 Nxh5 25. Be7 Ng3+ 26. hxg3 Qh6+ 27. Bh4 Bxg3 28. Rfd1 Qxh4+ 29. Kg1 Qh2+ 30. Kf1 Qh1+ 31. Ke2 Qxg2+ 32. Ke3 Qf2+ 0-1